Core java : (Record no. 52341)

MARC details
000 -LEADER
fixed length control field 00853nam a22002537a 4500
005 - DATE AND TIME OF LATEST TRANSACTION
control field 20110511110125.0
008 - FIXED-LENGTH DATA ELEMENTS--GENERAL INFORMATION
fixed length control field 110511t xxu||||| |||| 00| 0 eng d
010 ## - LCCN (DPL NO)
LC control number ENG-102431
020 ## - INTERNATIONAL STANDARD BOOK NUMBER
International Standard Book Number 9788120342415
Terms of availability 550.00
035 ## - SYSTEM CONTROL NUMBER
System control number EN-85964
037 ## - SOURCE OF ACQUISITION
Source of stock number/acquisition DBAD/PUB
040 ## - CATALOGING SOURCE
Original cataloging agency DPL
Language of cataloging Eng
082 ## - DEWEY DECIMAL CLASSIFICATION NUMBER
Classification number 005.71262
100 ## - MAIN ENTRY--PERSONAL NAME
Personal name Matha, Mahesh P.
9 (RLIN) 27875
245 ## - TITLE STATEMENT
Title Core java :
Statement of responsibility, etc by Mahesh P. Matha
Remainder of title a comprehensive study /
260 ## - PUBLICATION, DISTRIBUTION, ETC. (IMPRINT)
Place of publication, distribution, etc New Delhi
Name of publisher, distributor, etc PHI Learning
Date of publication, distribution, etc 2011
270 ## - ADDRESS
Address M-97,Connaught Circus
City New Delhi
Postal code 110001
300 ## - PHYSICAL DESCRIPTION
Extent xxiii, 788 p.
Dimensions 23cm (pbk)
500 ## - GENERAL NOTE
General note Includes index
650 ## - SUBJECT ADDED ENTRY--TOPICAL TERM
9 (RLIN) 27887
700 ## - ADDED ENTRY--PERSONAL NAME
9 (RLIN) 27963
942 ## - ADDED ENTRY ELEMENTS (KOHA)
Source of classification or shelving scheme Dewey Decimal Classification
Item type English Books
Classification part 005.71262
Call number suffix MAT
Holdings
Withdrawn status Lost status Source of classification or shelving scheme Damaged status Not for loan Collection code Home library Current library Date acquired Source of acquisition Cost, normal purchase price Total Checkouts Full call number Barcode Date last seen Copy number Cost, replacement price Koha item type
    Dewey Decimal Classification   Not For Loan Non-fiction D.B.Act.Division D.B.Act.Division 11/05/2011 DBAD/PUB 550.00   005.71262 MAT EN-85964 11/05/2011 1 550.00 English Books

© Delhi Public Library
Hit Counter
free hit counter